Osobné financie. 2

Z obsahu osobitnej sekcie: Služby peňažných ústavov pre Slovensko. Daňové povinnosti 1994, vybavenie. Najväčší slovenský podielový fond Sporofond založený Prvou slovenskou investičnou spoločnosťou, a.s. Bratislava. Stavebné sporenie. Služby Slovenskej sporiteľne občanom. Obchodovanie s cennými papie...

Descripción completa

Guardado en:
Detalles Bibliográficos
Formato: Capítulo de libro
Lenguaje:eslovaco
Materias:
Etiquetas: Agregar Etiqueta
Sin Etiquetas, Sea el primero en etiquetar este registro!

MARC

LEADER 00000naa a2200000 4500
001 r024989
005 20221205091233.3
041 0 |a slo 
044 |a SK 
245 1 0 |a Osobné financie. 2 
520 |a Z obsahu osobitnej sekcie: Služby peňažných ústavov pre Slovensko. Daňové povinnosti 1994, vybavenie. Najväčší slovenský podielový fond Sporofond založený Prvou slovenskou investičnou spoločnosťou, a.s. Bratislava. Stavebné sporenie. Služby Slovenskej sporiteľne občanom. Obchodovanie s cennými papiermi na kapitálovom trhu. 
610 2 0 |a peniaze 
610 2 0 |a financie osobné 
610 2 0 |a úspory obyvateľstva 
610 2 0 |a ústavy finančné 
610 2 0 |a služby 
610 2 0 |a dane z príjmov 
610 2 0 |a Sporofond 
610 2 0 |a fondy podielové 
610 2 0 |a akcie 
610 2 0 |a predaj 
610 2 0 |a papiere cenné 
610 2 0 |a Slovensko